000 00786cab a2200265 4500
001 ABS53777
008 090401t1995 xxu||||| |||| 00| 0 eng d
035 _a(Sirsi) u6551
041 _aeng
100 _aDoyle, N.
245 _aSeeing is believing
260 _c1995
350 _a0
490 _aNew Civil Engineer
_v(1145) 5 October 1995, 28-31(3)
520 _aConsiders how construction companies are using virtual reality in the design process.
650 _aCAD
650 _aCICC
650 _aCOLLABORATIVE INTEGRATED COMMUNICATIONS FOR CONSTRUCTION
650 _aCOMPUTER AIDED DESIGN
650 _aCONSTRUCTION COMPANIES
650 _aVIRTUAL REALITY
690 _aMANAGEMENT-BUSINESS MANAGEMENT-INFORMATION MANAGEMENT
942 _n0
948 _c04/03/1997
999 _c3920
_d3920